[Event "La Paz GP op 3rd"]
[Site "La Paz"]
[Date "2023.08.18"]
[Round "4"]
[White "Quisbert Quispe, Leonidas Kalel"]
[Black "Ayaviri Quispe, Frank Eddy"]
[Result "1-0"]
[WhiteElo "1326"]
[BlackElo "1097"]
[PlyCount "91"]
[EventDate "2023.08.17"]
[EventType "swiss"]
[EventRounds "7"]
[EventCountry "BOL"]
[SourceTitle "EXT 2024"]
[Source "ChessBase"]
[SourceDate "2023.10.10"]
[SourceVersion "1"]
[SourceVersionDate "2023.10.10"]
[SourceQuality "1"]

1. e4 e5 2. Nf3 Nc6 3. Bc4 Nf6 4. d3 Bc5 5. Nc3 d6 6. Be3 Bb6 7. Qd2 Na5 8. Bb3 Nxb3 9. axb3 Bxe3 10. fxe3 0-0 11. 0-0 h6 12. Kh1 Re8 13. Ne2 Nh5 14. c4 Re6 15. Rf2 Rg6 16. d4 Qf6 17. Raf1 Bd7 18. Nxe5 Qg5 19. Nxg6 Qxg6 20. Nf4 Nxf4 21. Rxf4 Rf8 22. Qa5 b6 23. Qxa7 Bc6 24. d5 Ra8 25. Qxc7 Be8 26. Qxb6 Ra2 27. Qd4 Qh5 28. h3 Bd7 29. Rxf7 Qg6 30. Rxd7 Qg5 31. Ra7 Rxa7 32. Qxa7 Kh7 33. Rf7 Qg6 34. Rxg7+ Qxg7 35. Qxg7+ Kxg7 36. b4 Kf7 37. g4 Ke7 38. h4 Kf7 39. b5 Ke7 40. g5 h5 41. b6 Kd7 42. g6 Kc8 43. g7 Kb7 44. g8Q Kxb6 45. Qb8+ Kc5 46. Qb5# 1-0